[Event "Crikvenica Oct"]
[Site "Crikvenica"]
[Date "2008.10.31"]
[Round "8"]
[White "Buli, Vangjel"]
[Black "Mrdja, Milan"]
[Result "1-0"]
[WhiteElo "2359"]
[BlackElo "2401"]
[PlyCount "73"]
[EventDate "2008.10.28"]
[EventType "tourn"]
[EventRounds "10"]
[EventCountry "CRO"]
[SourceTitle "EXT 2010"]
[Source "ChessBase"]
[SourceDate "2010.11.25"]
[SourceVersion "1"]
[SourceVersionDate "2010.11.25"]
[SourceQuality "1"]

1. d4 g6 2. c4 Bg7 3. Nc3 Nf6 4. e4 d6 5. Be2 0-0 6. Nf3 a6 7. 0-0 c5 8. d5 e5 9. Bg5 h6 10. Bh4 g5 11. Bg3 Nh5 12. Nd2 Nf4 13. Bg4 Bxg4 14. Qxg4 Nd7 15. h4 Nf6 16. Qf5 Qd7 17. Qxd7 Nxd7 18. hxg5 hxg5 19. a4 Kh7 20. Rfd1 Rh8 21. Nf1 Kg6 22. Ne3 Rh7 23. f3 Rah8 24. Kf2 Nf6 25. Ra3 Rb8 26. Rb3 Bf8 27. Nf5 N6h5 28. Bxf4 exf4 29. Nxd6 Bxd6 30. Rb6 Rd8 31. e5 f5 32. Rxd6+ Rxd6 33. exd6 Rd7 34. a5 Rxd6 35. Na4 g4 36. Nxc5 Nf6 37. Nxb7 1-0

[Event "Budapest FS10 GM"]
[Site "Budapest"]
[Date "2005.10.08"]
[Round "8"]
[White "Buli, Vangjel"]
[Black "Fogarasi, Tibor"]
[Result "0-1"]
[WhiteElo "2294"]
[BlackElo "2481"]
[PlyCount "90"]
[EventDate "2005.10.01"]
[EventType "tourn"]
[EventRounds "13"]
[EventCountry "HUN"]
[EventCategory "7"]
[SourceTitle "CBM 108 Extra"]
[Source "ChessBase"]
[SourceDate "2005.11.04"]
[SourceVersion "1"]
[SourceVersionDate "2005.11.04"]
[SourceQuality "1"]

1. d4 Nf6 2. c4 c5 3. d5 b5 4. cxb5 a6 5. bxa6 g6 6. Nc3 Bxa6 7. e4 Bxf1 8. Kxf1 d6 9. Nf3 Nbd7 10. h3 Bg7 11. Kg1 0-0 12. Kh2 Qa5 13. Re1 Rfb8 14. Qc2 Nb6 15. a4 Nfd7 16. Bd2 Nc4 17. Nb5 Nxd2 18. Nxd2 Qb4 19. Reb1 Nb6 20. Nc7 Ra7 21. Nb5 Rxa4 22. Na7 Rxa1 23. Rxa1 Qxb2 24. Qxb2 Bxb2 25. Rb1 Na4 26. Nc6 Be5+ 27. g3 Rxb1 28. Nxb1 Kf8 29. Na3 Nb6 30. Na5 Bd4 31. Kg2 Ke8 32. N3c4 Na4 33. g4 Kd7 34. Nb3 e6 35. dxe6+ fxe6 36. Nxd4 cxd4 37. f4 Nc5 38. Kf3 Ke7 39. e5 dxe5 40. fxe5 Kd7 41. Nd6 Kc6 42. Ne8 Kd5 43. Nf6+ Kc4 44. Ke2 Kc3 45. Kd1 d3 0-1

[Event "Lucca op 13th"]
[Site "Lucca"]
[Date "2001.10.??"]
[Round "2"]
[White "Buli, Vangjel"]
[Black "Efimov, Igor"]
[Result "1-0"]
[WhiteElo "2039"]
[BlackElo "2467"]
[PlyCount "127"]
[EventDate "2001.10.??"]
[EventType "swiss"]
[EventRounds "6"]
[EventCountry "ITA"]
[SourceTitle "EXT 2024"]
[Source "ChessBase"]
[SourceDate "2023.10.10"]
[SourceVersion "1"]
[SourceVersionDate "2023.10.10"]
[SourceQuality "1"]

1. d4 d6 2. c4 e5 3. Nf3 e4 4. Ng5 f5 5. f3 Be7 6. Nh3 Nf6 7. Nc3 0-0 8. g3 h6 9. Bg2 exf3 10. exf3 g5 11. f4 g4 12. Nf2 c6 13. d5 c5 14. 0-0 Rf7 15. a3 Nbd7 16. Be3 h5 17. Re1 h4 18. Nd3 Nh5 19. Bf2 Bf6 20. Qc2 Nf8 21. b4 b6 22. bxc5 bxc5 23. Ne5 Rh7 24. Nc6 Qd7 25. Rab1 hxg3 26. hxg3 Ng7 27. Re2 Rh6 28. Rbe1 Qf7 29. Nb5 Qh5 30. Nxd6 Bd7 31. Bxc5 Qh2+ 32. Kf2 Nh5 33. Re3 Nxf4 34. Kf1 Nh3 35. Rb3 f4 36. Be4 fxg3 37. Re2 Nf2 38. Bxf2 gxf2 39. Rxf2 Qxd6 40. c5 Qc7 41. d6 Qxc6 42. Bxc6 Bxc6 43. Qc4+ Kh8 44. Qxg4 Bd7 45. Qe4 Re8 46. Qc4 Bc6 47. Rg3 Nd7 48. Rfg2 Rh1+ 49. Rg1 Rxg1+ 50. Kxg1 Ne5 51. Qf4 Bg7 52. Qf5 Kg8 53. Qf6 Nf3+ 54. Kf2 Ng5 55. Qxg5 Rf8+ 56. Ke3 Rf7 57. Qd8+ Kh7 58. Qh4+ Bh6+ 59. Kd3 Rb7 60. Kc3 Bd5 61. Qg4 Bg7+ 62. Qxg7+ Rxg7 63. Rxg7+ Kxg7 64. d7 1-0